000 01081nac a22001931u 4500
008 101124s2000 xxu||||| |||| 00| 0 ara d
082 _a610.962
_bش ح ا
100 1 _aشحاتة ، مصطفى أحمد
_921272
245 _aتاريخ الطب فى الإسكندرية /
_cمصطفى أحمد شحاتة
260 _aالإسكندرية :
_bالنقابة العامة لأطباء مصر ،2000
_c2000.
300 _a229 ص ؛
_c24 سم.
504 _aيشتمل على إرجاعات ببليوجرافية ص222-229
511 _aCatalogued by: Sara
541 _aإهداء ؛
_cمكتبة الإسكندرية ؛
650 _aالطب
_921748
_xتاريخ
_zمصر
942 _cBB
_k610.962 ش ح ا
_2ddc
999 _c6214
_d6214